| 000 | 00657nam a2200181Ia 4500 | ||
|---|---|---|---|
| 008 | 090630s9999 xx 000 0 und d | ||
| 082 | _b18930 | ||
| 100 | _aघाटपांडे महेश. | ||
| 245 |
_aबिहाईन्ड द सिन्स. _cघाटपांडे महेश. |
||
| 260 |
_bआमोद - मुंबई. _c2000 |
||
| 300 | _a120 | ||
| 600 | _aघाटपांडे महेश. | ||
| 630 | _aबिहाईन्ड द सिन्स. | ||
| 655 | _aकादंबरी. | ||
| 700 | _aघाटपांडे महेश. | ||
| 730 | _aबिहाईन्ड द सिन्स. | ||
| 942 | _cBOOK | ||
| 999 |
_c270786 _d270786 |
||